[Event "SVK-ch U16"]
[Site "Tatralandia"]
[Date "2024.04.12"]
[Round "9"]
[White "Jura, Michal"]
[Black "Vida, Gergo1"]
[Result "1-0"]
[WhiteElo "1822"]
[BlackElo "1674"]
[PlyCount "97"]
[EventDate "2024.04.05"]
[EventType "swiss"]
[EventRounds "9"]
[EventCountry "SVK"]
[SourceTitle "CB16_2024"]
[SourceDate "2024.04.17"]
[SourceVersion "1"]
[SourceVersionDate "2024.04.17"]
[SourceQuality "1"]

1. e4 c5 2. Nf3 a6 3. c3 d5 4. exd5 Qxd5 5. d4 e6 6. Be3 Nf6 7. Be2 Nc6 8. dxc5 Qxd1+ 9. Bxd1 Ng4 10. b4 Nxe3 11. fxe3 Be7 12. Ba4 0-0 13. Nbd2 Rd8 14. Bxc6 bxc6 15. Nd4 Bb7 16. Nc4 a5 17. Nxa5 Rxa5 18. bxa5 Bxc5 19. Rb1 Ba8 20. Ke2 Be7 21. Rhd1 Rc8 22. g3 c5 23. Nf3 Bd5 24. Kf2 Bd8 25. a6 h6 26. a7 Bc7 27. c4 Bc6 28. Nd2 Ra8 29. Nb3 Rxa7 30. Rd2 Kf8 31. Nxc5 Ke7 32. Rbd1 Ke8 33. Nb3 Ba4 34. Rb1 e5 35. Nc5 Bc6 36. Nd3 Be4 37. Rb5 f6 38. Nb4 Ba5 39. Rb2 Kf7 40. Nd5 Kg6 41. Rb7 Ra8 42. Rd7 Bd8 43. c5 Rc8 44. c6 Bf5 45. Rxd8 Rxd8 46. Ne7+ Kg5 47. c7 Re8 48. Nxf5 Kxf5 49. Rb8 1-0

[Event "SVK-ch U16"]
[Site "Tatralandia"]
[Date "2024.04.11"]
[Round "8"]
[White "Malina, Marko"]
[Black "Jura, Michal"]
[Result "0-1"]
[WhiteElo "1000"]
[BlackElo "1822"]
[PlyCount "70"]
[EventDate "2024.04.05"]
[EventType "swiss"]
[EventRounds "9"]
[EventCountry "SVK"]
[SourceTitle "CB16_2024"]
[SourceDate "2024.04.17"]
[SourceVersion "1"]
[SourceVersionDate "2024.04.17"]
[SourceQuality "1"]

1. e4 c5 2. Nf3 Nc6 3. d4 cxd4 4. Nxd4 e5 5. Nb5 a6 6. Nd6+ Bxd6 7. Qxd6 Qf6 8. Qxf6 Nxf6 9. Nc3 h6 10. Be3 0-0 11. f3 d6 12. 0-0-0 Rd8 13. Bc4 Be6 14. Nd5 Bxd5 15. exd5 Ne7 16. Rd2 b5 17. Bb3 a5 18. a3 Rab8 19. Rhd1 a4 20. Ba2 b4 21. Rd3 Rdc8 22. Kb1 Nf5 23. Bf2 e4 24. fxe4 Nxe4 25. Rf1 bxa3 26. b3 Ne7 27. Be1 Nc5 28. Rdf3 Nxd5 29. Kc1 axb3 30. cxb3 Nxb3+ 31. Kd1 Rc1+ 32. Ke2 Rc2+ 33. Kd3 Rxa2 34. Kc4 Nd2+ 35. Bxd2 Rxd2 0-1

[Event "SVK-ch U16"]
[Site "Tatralandia"]
[Date "2024.04.07"]
[Round "4"]
[White "Jura, Michal"]
[Black "Benci, Jozef1"]
[Result "1/2-1/2"]
[WhiteElo "1822"]
[BlackElo "2040"]
[PlyCount "81"]
[EventDate "2024.04.05"]
[EventType "swiss"]
[EventRounds "9"]
[EventCountry "SVK"]
[SourceTitle "CB16_2024"]
[SourceDate "2024.04.17"]
[SourceVersion "1"]
[SourceVersionDate "2024.04.17"]
[SourceQuality "1"]

1. e4 e5 2. Nf3 Nc6 3. Bb5 a6 4. Ba4 d6 5. c3 Bd7 6. 0-0 g6 7. d4 Bg7 8. Re1 Nge7 9. Bb3 0-0 10. Bg5 h6 11. Bxe7 Qxe7 12. d5 Nb8 13. Nbd2 f5 14. exf5 Bxf5 15. Bc2 Bxc2 16. Qxc2 Qf7 17. Qb3 Nd7 18. Ne4 Rab8 19. Rac1 Qf4 20. c4 b6 21. Qe3 Nc5 22. b4 Nxe4 23. Qxe4 g5 24. Qxf4 Rxf4 25. Nd2 Rd4 26. Nb3 Rf4 27. g3 Rf7 28. c5 dxc5 29. bxc5 Rd7 30. Red1 Bf8 31. cxb6 Rxb6 32. Rd3 Bb4 33. Kg2 Rb5 34. Rcd1 Bd6 35. Nd2 Rb2 36. Ne4 Kg7 37. R1d2 Rb4 38. Re2 Rd4 39. Ree3 Rxd3 40. Rxd3 Be7 41. Kf3 1/2-1/2

[Event "SVK-ch U12"]
[Site "Lubovna"]
[Date "2020.08.21"]
[Round "8"]
[White "Polomsky, Tomas"]
[Black "Jura, Michal"]
[Result "1-0"]
[WhiteElo "1436"]
[BlackElo "1317"]
[PlyCount "43"]
[EventDate "2020.08.15"]
[EventType "swiss"]
[EventRounds "9"]
[EventCountry "SVK"]
[SourceTitle "EXT 2021"]
[Source "ChessBase"]
[SourceDate "2020.10.23"]
[SourceVersion "1"]
[SourceVersionDate "2020.10.23"]
[SourceQuality "1"]

1. e4 e5 2. Nf3 Nc6 3. Bc4 Bc5 4. 0-0 Nf6 5. d3 h6 6. h3 0-0 7. Re1 d6 8. Nbd2 Re8 9. Nf1 d5 10. exd5 Nxd5 11. d4 Bxd4 12. Nxd4 Nxd4 13. Bxd5 Nxc2 14. Bxf7+ Kxf7 15. Qxc2 Kg8 16. Qg6 Re6 17. Qe4 Qf6 18. Qf3 Qg6 19. Ng3 Rf6 20. Qh5 Qc2 21. Qe2 Qc5 22. Ne4 1-0

[Event "SVK-ch U12"]
[Site "Lubovna"]
[Date "2020.08.19"]
[Round "6"]
[White "Gay, Lukas"]
[Black "Jura, Michal"]
[Result "1-0"]
[WhiteElo "1211"]
[BlackElo "1317"]
[PlyCount "57"]
[EventDate "2020.08.15"]
[EventType "swiss"]
[EventRounds "9"]
[EventCountry "SVK"]
[SourceTitle "EXT 2021"]
[Source "ChessBase"]
[SourceDate "2020.10.23"]
[SourceVersion "1"]
[SourceVersionDate "2020.10.23"]
[SourceQuality "1"]

1. e4 e5 2. Nf3 Nc6 3. Nc3 Bc5 4. Nxe5 Nxe5 5. d4 Bd6 6. dxe5 Bxe5 7. Bc4 Nf6 8. Bg5 h6 9. Bh4 g5 10. Bg3 Bxc3+ 11. bxc3 Nxe4 12. Qd4 0-0 13. Bxc7 Qxc7 14. Qxe4 d5 15. Bxd5 Qxc3+ 16. Ke2 Bd7 17. Qg6+ Kh8 18. Qxh6+ Kg8 19. Qxg5+ Kh8 20. Qh4+ Kg8 21. Qg3+ Qxg3 22. hxg3 Bb5+ 23. c4 Rfe8+ 24. Kf3 Ba6 25. Rh6 Re7 26. Rxa6 Rd7 27. Rg6+ Kh7 28. Rg4 Re8 29. Rh1# 1-0

[Event "EU-ch U10"]
[Site "Bratislava"]
[Date "2019.08.10"]
[Round "9"]
[White "Osadchy, Andrey K"]
[Black "Jura, Michal"]
[Result "1-0"]
[WhiteElo "1124"]
[BlackElo "1384"]
[PlyCount "53"]
[EventDate "2019.08.02"]
[EventType "swiss"]
[EventRounds "9"]
[EventCountry "SVK"]
[SourceTitle "EXT 2020"]
[Source "ChessBase"]
[SourceDate "2019.10.17"]
[SourceVersion "1"]
[SourceVersionDate "2019.10.17"]
[SourceQuality "1"]

1. e4 c5 2. Nf3 Nc6 3. d4 cxd4 4. Nxd4 d6 5. Nc3 g6 6. Be3 Bg7 7. Qd2 Nf6 8. f3 Bd7 9. Be2 Qc7 10. h4 a6 11. g4 h6 12. Rg1 e5 13. Nxc6 bxc6 14. f4 Rd8 15. f5 g5 16. hxg5 hxg5 17. Bxg5 Qb6 18. 0-0-0 Rb8 19. b3 Nxg4 20. Rxg4 f6 21. Be3 Qxe3 22. Qxe3 Bh6 23. Qxh6 Rxh6 24. Rg8+ Kf7 25. Rxb8 Ke7 26. Bxa6 Rh3 27. Na4 1-0

[Event "EU-ch U10"]
[Site "Bratislava"]
[Date "2019.08.04"]
[Round "3"]
[White "Jura, Michal"]
[Black "Zienkiewicz, Jan"]
[Result "0-1"]
[WhiteElo "1384"]
[BlackElo "1807"]
[PlyCount "74"]
[EventDate "2019.08.02"]
[EventType "swiss"]
[EventRounds "9"]
[EventCountry "SVK"]
[SourceTitle "EXT 2020"]
[Source "ChessBase"]
[SourceDate "2019.10.17"]
[SourceVersion "1"]
[SourceVersionDate "2019.10.17"]
[SourceQuality "1"]

1. b3 d5 2. Bb2 c5 3. e3 a6 4. c4 d4 5. exd4 cxd4 6. d3 Nc6 7. Nf3 g6 8. Nbd2 Bg7 9. g3 f5 10. Bg2 Nf6 11. 0-0 0-0 12. Re1 Re8 13. Ng5 e5 14. Bxc6 bxc6 15. Ngf3 Nd7 16. Qe2 c5 17. Ba3 a5 18. Nh4 Bb7 19. Nhf3 Qc7 20. Bb2 Qd6 21. Ba3 Re7 22. Ng5 Rae8 23. f3 Nf6 24. Rad1 h6 25. Nh3 e4 26. fxe4 fxe4 27. dxe4 Nxe4 28. Nxe4 Bxe4 29. Qd2 Bf3 30. Rc1 d3 31. Nf2 Rxe1+ 32. Rxe1 Rxe1+ 33. Qxe1 d2 34. Qe8+ Kh7 35. Qe3 d1Q+ 36. Nxd1 Qxd1+ 37. Kf2 Bd4 0-1

[Event "EU-ch U10"]
[Site "Bratislava"]
[Date "2019.08.02"]
[Round "1"]
[White "Jura, Michal"]
[Black "Khoo Thwe, Louis"]
[Result "0-1"]
[WhiteElo "1384"]
[BlackElo "1827"]
[PlyCount "120"]
[EventDate "2019.08.02"]
[EventType "swiss"]
[EventRounds "9"]
[EventCountry "SVK"]
[SourceTitle "EXT 2020"]
[Source "ChessBase"]
[SourceDate "2019.10.17"]
[SourceVersion "1"]
[SourceVersionDate "2019.10.17"]
[SourceQuality "1"]

1. e4 e5 2. Nf3 Nc6 3. Bc4 Bc5 4. c3 Nf6 5. d4 exd4 6. cxd4 Bb4+ 7. Bd2 Bxd2+ 8. Nbxd2 0-0 9. 0-0 d5 10. exd5 Nxd5 11. Qb3 Na5 12. Qb5 c6 13. Qc5 Nxc4 14. Qxc4 Be6 15. Qc2 Re8 16. Ne4 Bf5 17. Rfe1 Nb4 18. Qb3 Bxe4 19. Qxb4 Bxf3 20. gxf3 Qg5+ 21. Kh1 Qd5 22. Qc3 Rad8 23. Rad1 g6 24. Rxe8+ Rxe8 25. Qa3 c5 26. Qc3 Rd8 27. Qe3 cxd4 28. Qe4 f5 29. Qxd5+ Rxd5 30. f4 Kf7 31. Kg2 Ke6 32. Kf3 Rd8 33. Ke2 Kd5 34. Rd3 Ke4 35. Rb3 Rd7 36. Rg3 Kxf4 37. Kd3 g5 38. Rh3 g4 39. Rg3 h5 40. h4 b5 41. a3 a6 42. b4 Rd6 43. Kd2 Ke4 44. Rd3 Rc6 45. Rg3 Rc3 46. Rxc3 dxc3+ 47. Kxc3 Kf3 48. Kd4 Kxf2 49. Kc5 g3 50. Kb6 g2 51. Kxa6 g1Q 52. Kxb5 Qg8 53. a4 Qa8 54. a5 Ke3 55. a6 Kd4 56. Kb6 Kd5 57. b5 Qb8+ 58. Ka5 Kc4 59. b6 Qe8 60. b7 Qb5# 0-1

[Event "SVK-ch U10"]
[Site "Liptovsky Mikulas"]
[Date "2019.04.25"]
[Round "4"]
[White "Jura, Michal"]
[Black "Marosi, Michal"]
[Result "1-0"]
[WhiteElo "1398"]
[BlackElo "1312"]
[PlyCount "123"]
[EventDate "2019.04.23"]
[EventType "swiss"]
[EventRounds "9"]
[EventCountry "SVK"]
[SourceTitle "CBM 190 Extra"]
[Source "ChessBase"]
[SourceDate "2019.07.15"]
[SourceVersion "1"]
[SourceVersionDate "2019.07.15"]
[SourceQuality "1"]

1. b3 e5 2. Bb2 Nc6 3. e3 d5 4. Bb5 Bd6 5. f4 f6 6. fxe5 fxe5 7. Bxc6+ bxc6 8. g3 Nf6 9. Nf3 Bg4 10. h3 Bxf3 11. Qxf3 0-0 12. Qe2 Ne4 13. Rf1 Nxg3 14. Rxf8+ Qxf8 15. Qg2 e4 16. Nc3 Qf3 17. Qg1 Bb4 18. Qf2 Rf8 19. Qxf3 exf3 20. Kf2 Bxc3 21. Bxc3 Ne4+ 22. Kf1 f2 23. Kg2 Ng3 24. Kxg3 f1Q 25. Rxf1 Rxf1 26. Be5 Rd1 27. Bc3 Rc1 28. Ba5 Rxc2 29. Bxc7 Rxd2 30. a3 Rd3 31. Kf3 Rxb3 32. Bd6 Kf7 33. Kf4 Kf6 34. h4 Rc3 35. Be5+ Ke6 36. Bxc3 c5 37. Bxg7 c4 38. Bd4 a5 39. a4 Kd6 40. Bc3 Kc5 41. Ke5 h5 42. Bxa5 Kc6 43. Bb4 c3 44. Bxc3 Kc5 45. a5 Kc6 46. a6 Kb6 47. Kxd5 Kxa6 48. e4 Kb7 49. e5 Kc8 50. e6 Kc7 51. e7 Kd7 52. Bb4 Ke8 53. Ke5 Kf7 54. Kf5 Ke8 55. Kf6 Kd7 56. Kf7 Kc6 57. e8Q+ Kd5 58. Qe6+ Kd4 59. Kf6 Kd3 60. Kf5 Kd4 61. Qe2 Kd5 62. Qe4# 1-0

[Event "SVK-ch U10"]
[Site "Liptovsky Mikulas"]
[Date "2019.04.24"]
[Round "2"]
[White "Jura, Michal"]
[Black "Kusy, Adam"]
[Result "1-0"]
[WhiteElo "1398"]
[BlackElo "1211"]
[PlyCount "74"]
[EventDate "2019.04.23"]
[EventType "swiss"]
[EventRounds "9"]
[EventCountry "SVK"]
[SourceTitle "CBM 190 Extra"]
[Source "ChessBase"]
[SourceDate "2019.07.15"]
[SourceVersion "1"]
[SourceVersionDate "2019.07.15"]
[SourceQuality "1"]

1. b3 e5 2. Bb2 Nc6 3. e3 d5 4. Bb5 Nge7 5. Bxe5 Bd7 6. Bb2 Ng6 7. Nf3 Bd6 8. Bxg7 Rg8 9. Bb2 Qe7 10. Nc3 a6 11. Nxd5 Qf8 12. Bxc6 Bxc6 13. Nf6+ Ke7 14. Nxg8+ Qxg8 15. Qe2 Re8 16. 0-0-0 Kd8 17. Nd4 Bxg2 18. Rhg1 Bd5 19. f3 Kc8 20. d3 Kb8 21. e4 Be6 22. Nxe6 Rxe6 23. e5 Qe8 24. d4 f6 25. d5 Re7 26. e6 Qf8 27. Qf2 Nf4 28. Rg3 Nd3+ 29. Rxd3 Bxg3 30. Qxg3 Ka8 31. Ba3 Qh6+ 32. Kb1 Re8 33. Qxc7 Qg6 34. e7 Qg8 35. d6 Rc8 36. Qxc8+ Qxc8 37. d7 Qc6 1-0